Paises y su capital - Estadísticas

Estadísticas generales
  • Esta prueba ha sido intentada 47 veces
    46 desde el último reinicio
  • La puntuación promedio es 17 de 20
Estadísticas de respuestas
País Capital % Correcto
Ucrania Kiev
98%
Perú Lima
98%
España Madrid
98%
México Ciudad de México
95%
Egipto El Cairo
95%
Cuba La Habana
95%
Bulgaria Sofía
95%
Australia Canberra
93%
Paraguay Asunción
90%
Islandia Reikiavik
90%
Malta La Valeta
86%
Afganistán Kabul
83%
Irán Teherán
79%
Mongolia Ulán Bator
79%
Nueva Zelanda Wellington
79%
Catar Doha
76%
Sudáfrica Ciudad del Cabo
74%
Georgia Tiflis
69%
Madagascar Antananarivo
57%
Surinam Paramaribo
57%
No se encontraron pruebas coincidentes
Distribución de puntuación
Porcentaje de gente con cada puntuación
Porcentaje por número respondido
Historial de tus puntuaciones
No has intentado esta prueba desde el último reinicio